Estatísticas para Estilistas famosos

Clique aqui para jogar o quiz

Estatísticas Gerais

  • Esse quiz foi jogado 15 vezes
  • A pontuação média é 2 de 15

Estatísticas das Respostas

HintResposta% Correto
3.Coco Chanel
73%
4.Christian Dior
47%
5.Giorgio Armani
40%
13.Jean-Paul Gaultier
13%
8.Vivienne Westwood
13%
11.Alexandre Herchcovitch
7%
14.Diane von Fürstenberg
7%
9.Marc Jacobs
7%
7.Stella McCartney
7%
12.Tom Ford
7%
10.Valentino Garavani
7%
6.Virgil Abloh
7%
2.João Rolo
0%
15.John Galliano
0%
1.Micaela Oliveira
0%

Distribuição das Pontuações

Percentil de Números Respondidos

Porcentagem de Pessoas com Cada Pontuação

Sua Pontuação Histórica

Você não jogou esse quiz